Obnoviteľné nosiče energie - východisko z ekonomickej krízy vidieka a regiónov zborník z medzinárodnej vedeckej konferencie
Salvato in:
| Ente Autore: | |
|---|---|
| Natura: | Libro |
| Lingua: | slovacco polacco inglese |
| Pubblicazione: |
Košice
Podnikovohospodárska fakulta EU
2009
|
| Soggetti: | |
| Tags: |
Nessun Tag, puoi essere il primo ad aggiungerne!!
|
MARC
| LEADER | 00000nlm$a2200000$$$4500 | ||
|---|---|---|---|
| 001 | 0105177 | ||
| 005 | 20240311114237.3 | ||
| 020 | |a 978-80-225-2787-3 | ||
| 041 | 0 | |a slo | |
| 041 | 0 | |a pol | |
| 041 | 0 | |a eng | |
| 044 | |a SK | ||
| 245 | 1 | 0 | |a Obnoviteľné nosiče energie - východisko z ekonomickej krízy vidieka a regiónov |b zborník z medzinárodnej vedeckej konferencie |
| 264 | 1 | |a Košice |b Podnikovohospodárska fakulta EU |c 2009 | |
| 300 | |a CD-ROM | ||
| 610 | 2 | 0 | |a zdroje energie obnoviteľné |
| 610 | 2 | 0 | |a energia |
| 610 | 2 | 0 | |a kríza energetická |
| 610 | 2 | 0 | |a kríza hospodárska |
| 610 | 2 | 0 | |a Slovensko |
| 110 | 2 | |a Obnoviteľné nosiče energie - východisko z ekonomickej krízy vidieka a regiónov. Medzinárodná vedecká konferencia | |